| 000 | 01518nam a2200421 c 4500 | ||
|---|---|---|---|
| 001 | 23432 | ||
| 003 | ES-MaCES | ||
| 005 | 20141221122838.0 | ||
| 008 | 101214s2010 sp t 000 | spa d | ||
| 017 |
_aSE 4627-2010 _bDL |
||
| 020 | _a9788469345825 | ||
| 035 | _aCES20100009773m | ||
| 040 |
_aES-MaCES _bspa _cES-MaCES |
||
| 100 | 1 |
_aGorelli Hernández, Juan _913963 |
|
| 245 | 1 | 3 |
_aEl coste económico del despido o el precio de la arbitrariedad _b: un estudio sobre la eficacia del despido disciplinario ilícito _cJuan Gorelli Hernández |
| 260 |
_a[Sevilla] _bConsejo Andaluz de Relaciones Laborales _c[2010] |
||
| 300 |
_a404 p. _c24 cm |
||
| 490 | 1 |
_aMonografías de temas laborales _v44 |
|
| 541 | _cGratuito | ||
| 650 | 4 |
_adespido _928352 |
|
| 650 | 4 |
_adespido injustificado _929844 |
|
| 650 | 4 |
_acontabilidad de costes _928280 |
|
| 650 | 4 |
_aconsecuencias económicas _927082 |
|
| 650 | 4 |
_aeficacia en relación con los costes _930289 |
|
| 650 | 4 |
_aindemnización _930642 |
|
| 650 | 4 |
_aauxilio de cesantía _929075 |
|
| 650 | 4 |
_asalario de tramitación _931701 |
|
| 650 | 4 |
_aFOGASA _930871 |
|
| 650 | 4 |
_aderecho del trabajo _927165 |
|
| 650 | 4 |
_aEspaña _926964 |
|
| 650 | 4 |
_arégimen jurídico _929894 |
|
| 653 | 1 | 0 | _aDerecho del trabajo y Seguridad Social |
| 710 | 2 |
_aConsejo Andaluz de Relaciones Laborales _eed. _92337 |
|
| 830 | 0 |
_aMonografías de temas laborales _v44 _933850 |
|
| 902 | _aLIB Libro | ||
| 942 |
_2CES _cBK _h6.0.1. |
||
| 999 |
_c23432 _d23432 |
||